Statystyki dla Państwa wewnątrz Jeppy

Kliknij tutaj aby rozwiązać quiz!

Ogólne statystyki

  • Ten quiz został rozwiązany 11 896 razy
  • Średni wynik to 29 z 34

Odpowiedzi na mapie

Odpowiedzi skodowane kolorowo w zielono-czerwonej skali na mapie do tego quizu, zgodnie z poniższymi procentami.
 

Statystyki odpowiedzi

Państwo% Poprawnych
Arabia Saudyjska
97%
Indie
97%
Egipt
95%
Irak
95%
Iran
95%
Oman
94%
Jemen
93%
Katar
92%
Zjednoczone Emiraty Arabskie
92%
Pakistan
90%
Chiny
89%
Sudan
88%
Somalia
87%
Afganistan
86%
Etiopia
85%
Sri Lanka
85%
Libia
84%
Kuwejt
83%
Nepal
83%
Wietnam
81%
Bangladesz
80%
Bhutan
79%
Laos
79%
Sudan Południowy
79%
Syria
79%
Tajlandia
79%
Czad
78%
Jordania
78%
Erytrea
76%
Mjanma
76%
Turkmenistan
76%
Bahrajn
73%
Dżibuti
69%
Malediwy
65%

Rozkład punktacji

Percentyl według liczby udzielonych odpowiedzi

Procent ludzi z każdym wynikiem

Twoja historia wyników

Nie rozwiązałeś tego quizu